Fundamentals of Human resource Management (Record no. 33738)

MARC details
000 -LEADER
fixed length control field 00409nam a22001697a 4500
005 - DATE AND TIME OF LATEST TRANSACTION
control field 20230928180159.0
008 - FIXED-LENGTH DATA ELEMENTS--GENERAL INFORMATION
fixed length control field 230928b |||||||| |||| 00| 0 eng d
082 ## - DEWEY DECIMAL CLASSIFICATION NUMBER
Classification number 658.3
Item number DEC-F
100 ## - MAIN ENTRY--AUTHOR
Author Name Decenzo,David A.
245 ## - TITLE STATEMENT
Title Fundamentals of Human resource Management
250 ## - EDITION STATEMENT
Edition statement 8th.ed.
300 ## - PHYSICAL DESCRIPTION
Pages 425
500 ## - GENERAL NOTE
General note Include Index
650 ## - SUBJECT ADDED ENTRY--TOPICAL TERM
Subject / Department Management
700 ## - ADDED ENTRY--PERSONAL NAME
Personal name David A.Decenzo
952 ## - LOCATION AND ITEM INFORMATION (KOHA)
-- 0
-- 0
Holdings
Lost status Damaged status Permanent Location Current Location Shelving Location Date acquired Full Call Number Accession No./Barcode Date last seen item type
    Superior Information Resource Center (SIRC) Superior University- Central Library Superior Information Resource Center (SIRC) Superior University- Central Library Management 09/28/2023 658.3 DEC-F 20623 09/28/2023 BOOK

Powered by Koha